[Event "ITA-ch U20"]
[Site "Tarvisio"]
[Date "2023.07.05"]
[Round "4"]
[White "De Bianchi, Asia"]
[Black "Reginato, Elisabetta"]
[Result "1-0"]
[WhiteElo "1664"]
[BlackElo "1386"]
[PlyCount "69"]
[EventDate "2023.07.02"]
[EventType "swiss"]
[EventRounds "9"]
[EventCountry "ITA"]
[SourceTitle "EXT 2024"]
[Source "ChessBase"]
[SourceDate "2023.10.10"]
[SourceVersion "1"]
[SourceVersionDate "2023.10.10"]
[SourceQuality "1"]

1. e4 c6 2. d4 d5 3. e5 c5 4. dxc5 Nc6 5. Bb5 Bf5 6. Be3 e6 7. Ne2 Nge7 8. Nd4 h6 9. c3 Qc7 10. Bxc6+ Nxc6 11. f4 Nxd4 12. cxd4 Qc6 13. 0-0 Be7 14. Nc3 0-0 15. b4 Rfc8 16. Qf3 f6 17. a4 a6 18. g4 Bh7 19. f5 Rd8 20. Qg3 exf5 21. gxf5 fxe5 22. b5 Qf6 23. dxe5 Qh4 24. Qxh4 Bxh4 25. Bd4 Rac8 26. Rac1 Bg5 27. Rc2 Rf8 28. Nxd5 Rxf5 29. Rxf5 Bxf5 30. Rg2 Be4 31. Rxg5 Bxd5 32. Rg6 Rd8 33. bxa6 bxa6 34. Rxa6 Bb7 35. Rd6 1-0

[Event "ITA-ch U20"]
[Site "Tarvisio"]
[Date "2023.07.02"]
[Round "1"]
[White "Alfidi, Giulia"]
[Black "De Bianchi, Asia"]
[Result "1-0"]
[WhiteElo "1341"]
[BlackElo "1664"]
[PlyCount "117"]
[EventDate "2023.07.02"]
[EventType "swiss"]
[EventRounds "9"]
[EventCountry "ITA"]
[SourceTitle "EXT 2024"]
[Source "ChessBase"]
[SourceDate "2023.10.10"]
[SourceVersion "1"]
[SourceVersionDate "2023.10.10"]
[SourceQuality "1"]

1. d4 Nf6 2. Bf4 e6 3. e3 c5 4. c3 d5 5. Nd2 Bd6 6. Bg3 0-0 7. Ngf3 Qc7 8. Bd3 Nbd7 9. e4 dxe4 10. Nxe4 Nxe4 11. Bxe4 f5 12. Bxd6 Qxd6 13. Bc2 Rf6 14. Qe2 cxd4 15. Nxd4 Nb6 16. Rd1 Qc5 17. Bb3 Nd5 18. 0-0 Rg6 19. Qf3 Nc7 20. Qxf5 Qxf5 21. Nxf5 Rf6 22. Rd8+ Rf8 23. Rfd1 Nd5 24. Rxf8+ Kxf8 25. Nd6 Nc7 26. Re1 Ke7 27. Nf5+ Kf6 28. Nd4 Bd7 29. f3 e5 30. Nc2 Rd8 31. Rd1 Ne6 32. Ne3 h5 33. h4 Bc6 34. Rxd8 Nxd8 35. Bd5 Bd7 36. Kf2 b6 37. Be4 Be6 38. Bd5 Bd7 39. Ke2 Ne6 40. g3 Nc5 41. b3 g6 42. Nc4 Bf5 43. Nd2 Bd3+ 44. Ke3 Bf5 45. Ne4+ Nxe4 46. Bxe4 Bd7 47. Kd3 Bb5+ 48. c4 Bd7 49. b4 Be8 50. c5 bxc5 51. bxc5 Ke6 52. Kc4 a6 53. Kb4 Kd7 54. Ka5 Kc7 55. Kxa6 Bf7 56. a3 Bc4+ 57. Ka5 Bf7 58. Kb5 Be8+ 59. c6 1-0

[Event "Chioggia op-B 15th"]
[Site "Chioggia"]
[Date "2022.10.01"]
[Round "3"]
[White "Sottroi, Carlo"]
[Black "De Bianchi, Asia"]
[Result "0-1"]
[WhiteElo "1763"]
[BlackElo "1651"]
[PlyCount "140"]
[EventDate "2022.09.30"]
[EventType "swiss"]
[EventRounds "5"]
[EventCountry "ITA"]
[SourceTitle "EXT 2024"]
[Source "ChessBase"]
[SourceDate "2023.10.10"]
[SourceVersion "1"]
[SourceVersionDate "2023.10.10"]
[SourceQuality "1"]

1. e4 c5 2. Nc3 Nc6 3. g3 g6 4. Bg2 Bg7 5. f4 d6 6. d3 e6 7. Nf3 Nge7 8. Be3 0-0 9. 0-0 b6 10. Rb1 Bb7 11. Ne2 d5 12. c3 Qc7 13. e5 Rad8 14. d4 c4 15. g4 b5 16. Ng3 Bc8 17. Bh3 f5 18. gxf5 Nxf5 19. Nxf5 exf5 20. Bg2 b4 21. Bf2 Qa5 22. Bh4 Rde8 23. Nd2 Ba6 24. Qf3 Kh8 25. Qxd5 Qxd5 26. Bxd5 bxc3 27. bxc3 Ne7 28. Bxc4 Bxc4 29. Nxc4 Nd5 30. Be1 Rc8 31. Nd6 Rc6 32. Rf3 Bh6 33. Bd2 Nb6 34. Kf1 Rxd6 35. exd6 Nc4 36. Bc1 Rd8 37. Rb7 Nxd6 38. Rb3 Rc8 39. Ke2 Ne4 40. Kd3 a5 41. a4 Bg7 42. Re3 Nf2+ 43. Ke2 Ne4 44. Rxe4 fxe4 45. Ke3 Kg8 46. Kxe4 Rc4 47. Ra3 Bf8 48. Rb3 Rxa4 49. Kd3 Ra2 50. Rb2 Ra1 51. Kc2 a4 52. Rb1 Ra2+ 53. Rb2 Ra1 54. Rb1 Ra2+ 55. Bb2 a3 56. Kb3 Rxb2+ 57. Rxb2 axb2 58. Kxb2 Kf7 59. Kc2 Ke6 60. Kd3 Kf5 61. c4 Bd6 62. c5 Bxf4 63. h3 Ke6 64. Kc4 Kd7 65. Kd3 h5 66. Ke4 Bc7 67. Kd5 g5 68. c6+ Ke7 69. Kc5 g4 70. hxg4 hxg4 0-1

[Event "Wch U16 Girls"]
[Site "Mamaia"]
[Date "2022.09.06"]
[Round "1"]
[White "De Bianchi, Asia"]
[Black "Mikheeva, Galina"]
[Result "0-1"]
[WhiteElo "1651"]
[BlackElo "2015"]
[PlyCount "66"]
[EventDate "2022.09.06"]
[EventType "swiss"]
[EventRounds "11"]
[EventCountry "ROU"]
[SourceTitle "CBM 210 Extra"]
[Source "ChessBase"]
[SourceDate "2022.11.30"]
[SourceVersion "1"]
[SourceVersionDate "2022.11.30"]
[SourceQuality "1"]

1. e4 e5 2. f4 d5 3. exd5 exf4 4. Nf3 Nf6 5. Bc4 Bd6 6. Nc3 0-0 7. 0-0 Bg4 8. d4 c6 9. Qd3 a5 10. Ne5 b5 11. Nxg4 Nxg4 12. Qh3 f5 13. Bd3 Qf6 14. Ne2 g5 15. dxc6 Nxc6 16. Qf3 Nb4 17. Bxb5 Kh8 18. Ba4 Nxh2 19. Kxh2 g4 20. Qb3 f3+ 21. Nf4 Qh6+ 22. Kg3 Be7 23. Kf2 Qh2 24. Bd2 Bh4+ 25. Ke3 Rae8+ 26. Bxe8 Rxe8+ 27. Qe6 Rxe6+ 28. Nxe6 fxg2 29. Rxf5 g1Q+ 30. Rxg1 Qxg1+ 31. Ke4 Qg2+ 32. Ke5 Qd5+ 33. Kf4 Qf3+ 0-1

[Event "Mogliano Veneto op 42nd"]
[Site "Mogliano Veneto"]
[Date "2021.04.23"]
[Round "1"]
[White "De Bianchi, Asia"]
[Black "Bonato, Simone"]
[Result "1-0"]
[WhiteElo "1591"]
[BlackElo "999"]
[PlyCount "39"]
[EventDate "2021.04.23"]
[EventType "swiss"]
[EventRounds "5"]
[EventCountry "ITA"]
[SourceTitle "EXT 2023"]
[Source "ChessBase"]
[SourceDate "2022.10.05"]
[SourceVersion "1"]
[SourceVersionDate "2022.10.05"]
[SourceQuality "1"]

1. d4 f5 2. c4 Nf6 3. Nc3 e6 4. Nf3 Bb4 5. a3 Bxc3+ 6. bxc3 b6 7. Bg5 0-0 8. e3 d6 9. Be2 Nbd7 10. 0-0 Qe8 11. d5 e5 12. Qc2 Qg6 13. Bxf6 Nxf6 14. Nh4 Qe8 15. Nxf5 Bxf5 16. Qxf5 Nxd5 17. Qc2 Ne7 18. Bf3 Rxf3 19. gxf3 Nf5 20. Qxf5 1-0

[Event "Chioggia op-C 14th"]
[Site "Chioggia"]
[Date "2019.10.06"]
[Round "5"]
[White "Cisco, Alberto"]
[Black "De Bianchi, Asia"]
[Result "1-0"]
[WhiteElo "1357"]
[BlackElo "1442"]
[PlyCount "91"]
[EventDate "2019.10.04"]
[EventType "swiss"]
[EventRounds "5"]
[EventCountry "ITA"]
[SourceTitle "EXT 2022"]
[Source "ChessBase"]
[SourceDate "2021.10.06"]
[SourceVersion "1"]
[SourceVersionDate "2021.10.06"]
[SourceQuality "1"]

1. e4 c5 2. Nf3 e6 3. d4 cxd4 4. Nxd4 a6 5. c4 Qc7 6. Nc3 Bb4 7. Qc2 Nf6 8. f3 Qe5 9. Be3 d5 10. Qa4+ Nbd7 11. Qxb4 dxe4 12. f4 Qc7 13. Be2 e5 14. Nf5 Nc5 15. Bxc5 Bxf5 16. Bd6 a5 17. Qa3 Qb6 18. c5 Qb4 19. Qxb4 axb4 20. Nb5 Rc8 21. fxe5 Nd7 22. Nc7+ Kd8 23. 0-0 Bg6 24. Bb5 Rxc7 25. Bxc7+ Kxc7 26. Bxd7 Kxd7 27. Rfd1+ Ke6 28. Rd4 Kxe5 29. Rxb4 Kd5 30. Rxb7 Kxc5 31. Rc1+ Kd4 32. Rd7+ Ke5 33. a4 Ra8 34. Ra1 Ke6 35. Rdd1 Bh5 36. Re1 Bg6 37. b4 Kd5 38. Rec1 Kd6 39. Kf2 Bf5 40. Ke3 g6 41. b5 Be6 42. a5 Bd7 43. b6 Bc6 44. a6 Rb8 45. b7 Bd5 46. Rc8 1-0